| 000 | 00725nam a2200157 i 4500 | ||
|---|---|---|---|
| 001 | 158455 | ||
| 003 | ES-MaACL | ||
| 005 | 20230906211146.0 | ||
| 008 | 990421s1887 sp |||| | spa d | ||
| 110 | 1 |
_aMadrid (Provincia). _bDiputación Provincial. _9134671 |
|
| 245 | 1 | 0 |
_aReglamento para el servicio interior de sus oficinas _b: formado en cumplimiento á lo dispuesto en el art. 104 de la ley provincial / _cDiputación Provincial de Madrid. |
| 260 |
_aMadrid : _b[s.n.], _c1887 ( _fEscuela Tipográfica del Hospicio) |
||
| 300 |
_a56 p. ; _c20 cm. |
||
| 650 | 4 |
_aAdministración provincial- _zMadrid (Provincia)- _xPersonal- _vReglamentos. _9135498 |
|
| 852 |
_aES-MaACL _jL-4902 _z-- Enc. hol. _z-- Enc. en un vol. facticio |
||
| 999 |
_c158455 _d158455 |
||